000 00786nam a22002777a 4500
001 0033882
003 KOHA_MİRAKIL
005 20260207002905.0
007 ta
008 111124b2008 enka|||gr||||#0|||1|eng |
020 _a9781424010424
_q
_c6
040 _aTR-BiSEU
_btur
_cTR-BiSEU
_erda
041 0 _aeng
044 _cenk
050 _aPE1128.A78
_bI54 2008
245 0 _aArctic whale danger/
_cEdt; Rob Waring.
264 1 _aLondon :
_bHeingle Cengage
_c2008
300 _a24 sayfa :
_bres. ;
_c19 cm.
336 _ametin
_btxt
_2rdacontent
337 _aaracısız
_bn
_2rdamedia
338 _acilt
_bnc
_2rdacarrier
650 0 _aİngiliz dili--Çalışma ve öğretim.
_931747
650 0 _aEnglish language--Study and teaching.
_940817
907 _aDil
942 _2lcc
_cBK
999 _c33882
_d33882